[Event "DEM U18w 2024"]
[Site "Willingen GER"]
[Date "2024.05.20"]
[Round "3"]
[White "Wagner, Margarethe"]
[Black "Zhou, Lepu Coco"]
[Result "0-1"]
[Termination "normal"]
[Board "4"]
[WhiteElo "2009"]
[BlackElo "2040"]
[WhiteClock "00:01:34"]
[BlackClock "00:04:57"]
[PlyCount "173"]
[WhiteFideId "16236947"]
[BlackFideId "16217136"]
[EventCountry "GER"]
[EventRounds "9"]
[EventType "swiss"]
[EventDate "2024.05.18"]

1. e4 {[%clk 01:30:58]} {[%emt 00:00:01]} c6 {[%clk 01:30:54]} {[%emt
00:00:06]} 2. d4 {[%clk 01:31:21]} {[%emt 00:00:07]} d5 {[%clk 01:31:20]}
{[%emt 00:00:04]} 3. exd5 {[%clk 01:31:46]} {[%emt 00:00:06]} cxd5 {[%clk
01:31:44]} {[%emt 00:00:06]} 4. Bd3 {[%clk 01:32:06]} {[%emt 00:00:09]} Nc6
{[%clk 01:32:08]} {[%emt 00:00:06]} 5. c3 {[%clk 01:32:29]} {[%emt 00:00:08]}
Nf6 {[%clk 01:32:32]} {[%emt 00:00:06]} 6. Bf4 {[%clk 01:32:16]} {[%emt
00:00:42]} Bg4 {[%clk 01:32:54]} {[%emt 00:00:08]} 7. Qb3 {[%clk 01:30:29]}
{[%emt 00:02:18]} e5 {[%clk 01:33:13]} {[%emt 00:00:10]} 8. dxe5 {[%clk
01:07:46]} {[%emt 00:23:13]} Nh5 {[%clk 01:33:34]} {[%emt 00:00:09]} 9. Be3
{[%clk 01:05:35]} {[%emt 00:02:41]} Nxe5 {[%clk 01:33:07]} {[%emt 00:00:58]}
10. Bb5+ {[%clk 00:59:30]} {[%emt 00:06:35]} Nc6 {[%clk 01:33:16]} {[%emt
00:00:20]} 11. Nd2 {[%clk 00:57:40]} {[%emt 00:02:21]} Be6 {[%clk 01:32:30]}
{[%emt 00:01:16]} 12. Qd1 {[%clk 00:55:59]} {[%emt 00:02:11]} Nf6 {[%clk
01:30:33]} {[%emt 00:02:27]} 13. Ngf3 {[%clk 00:47:53]} {[%emt 00:08:36]} a6
{[%clk 01:26:32]} {[%emt 00:04:30]} 14. Bxc6+ {[%clk 00:37:45]} {[%emt
00:10:38]} bxc6 {[%clk 01:26:44]} {[%emt 00:00:19]} 15. b4 {[%clk 00:38:00]}
{[%emt 00:00:14]} Bd6 {[%clk 01:21:14]} {[%emt 00:06:00]} 16. h3 {[%clk
00:31:15]} {[%emt 00:07:15]} h6 {[%clk 01:17:52]} {[%emt 00:03:53]} 17. Nb3
{[%clk 00:27:38]} {[%emt 00:04:07]} Ne4 {[%clk 01:15:51]} {[%emt 00:02:31]} 18.
Rc1 {[%clk 00:21:28]} {[%emt 00:06:40]} O-O {[%clk 01:07:24]} {[%emt 00:08:57]}
19. Nfd2 {[%clk 00:20:27]} {[%emt 00:01:31]} Qh4 {[%clk 00:56:27]} {[%emt
00:11:28]} 20. Nxe4 {[%clk 00:12:58]} {[%emt 00:07:57]} Qxe4 {[%clk 00:56:52]}
{[%emt 00:00:05]} 21. Kf1 {[%clk 00:13:10]} {[%emt 00:00:18]} d4 {[%clk
00:51:31]} {[%emt 00:05:51]} 22. Qxd4 {[%clk 00:12:22]} {[%emt 00:01:19]} Bc4+
{[%clk 00:51:41]} {[%emt 00:00:19]} 23. Kg1 {[%clk 00:12:28]} {[%emt 00:00:24]}
Qe6 {[%clk 00:51:46]} {[%emt 00:00:25]} 24. Qd1 {[%clk 00:10:09]} {[%emt
00:02:49]} Rad8 {[%clk 00:44:26]} {[%emt 00:07:51]} 25. Nd4 {[%clk 00:08:41]}
{[%emt 00:01:58]} Qd5 {[%clk 00:44:45]} {[%emt 00:00:10]} 26. Qf3 {[%clk
00:04:13]} {[%emt 00:04:58]} Bxa2 {[%clk 00:39:22]} {[%emt 00:05:53]} 27. Qxd5
{[%clk 00:04:03]} {[%emt 00:00:41]} cxd5 {[%clk 00:38:35]} {[%emt 00:01:18]}
28. f3 {[%clk 00:02:28]} {[%emt 00:02:04]} Rc8 {[%clk 00:34:50]} {[%emt
00:04:14]} 29. Kf2 {[%clk 00:02:19]} {[%emt 00:00:39]} Rfe8 {[%clk 00:29:45]}
{[%emt 00:05:36]} 30. Nf5 {[%clk 00:02:06]} {[%emt 00:00:43]} Bf8 {[%clk
00:27:58]} {[%emt 00:02:16]} 31. Bd4 {[%clk 00:01:38]} {[%emt 00:00:58]} Bc4
{[%clk 00:25:56]} {[%emt 00:02:33]} 32. Ne3 {[%clk 00:01:30]} {[%emt 00:00:38]}
Bb5 {[%clk 00:20:20]} {[%emt 00:06:06]} 33. Rhe1 {[%clk 00:01:18]} {[%emt
00:00:42]} Rcd8 {[%clk 00:19:44]} {[%emt 00:01:06]} 34. g3 {[%clk 00:01:07]}
{[%emt 00:00:41]} h5 {[%clk 00:17:24]} {[%emt 00:02:50]} 35. h4 {[%clk
00:01:29]} {[%emt 00:00:08]} Re6 {[%clk 00:15:16]} {[%emt 00:02:37]} 36. Ng2
{[%clk 00:01:04]} {[%emt 00:00:56]} Rc6 {[%clk 00:12:22]} {[%emt 00:03:24]} 37.
Nf4 {[%clk 00:01:01]} {[%emt 00:00:32]} g6 {[%clk 00:12:39]} {[%emt 00:00:12]}
38. Rcd1 {[%clk 00:01:10]} {[%emt 00:00:22]} Bg7 {[%clk 00:04:03]} {[%emt
00:09:07]} 39. Bxg7 {[%clk 00:00:59]} {[%emt 00:00:41]} Kxg7 {[%clk 00:04:28]}
{[%emt 00:00:04]} 40. Rxd5 {[%clk 00:00:49]} {[%emt 00:00:40]} Rdc8 {[%clk
00:04:53]} {[%emt 00:00:05]} 41. Ne2 {[%clk 00:08:41]} {[%emt 00:22:39]} Bxe2
{[%clk 00:33:57]} {[%emt 00:01:26]} 42. Rxe2 {[%clk 00:09:05]} {[%emt
00:00:06]} Rxc3 {[%clk 00:34:22]} {[%emt 00:00:05]} 43. Re3 {[%clk 00:08:58]}
{[%emt 00:00:37]} Rc1 {[%clk 00:29:38]} {[%emt 00:05:13]} 44. Red3 {[%clk
00:05:44]} {[%emt 00:03:45]} Rb1 {[%clk 00:28:31]} {[%emt 00:01:37]} 45. R5d4
{[%clk 00:03:19]} {[%emt 00:02:55]} Re8 {[%clk 00:22:58]} {[%emt 00:06:03]} 46.
Rd1 {[%clk 00:03:26]} {[%emt 00:00:22]} Rb2+ {[%clk 00:21:27]} {[%emt
00:02:01]} 47. R1d2 {[%clk 00:03:49]} {[%emt 00:00:07]} Rxd2+ {[%clk 00:20:25]}
{[%emt 00:01:33]} 48. Rxd2 {[%clk 00:04:17]} Re6 {[%clk 00:20:44]} {[%emt
00:00:11]} 49. Rd4 {[%clk 00:04:26]} {[%emt 00:00:21]} Kf6 {[%clk 00:20:14]}
{[%emt 00:01:00]} 50. Rd5 {[%clk 00:03:19]} {[%emt 00:01:38]} Rc6 {[%clk
00:14:50]} {[%emt 00:05:53]} 51. b5 {[%clk 00:02:00]} {[%emt 00:01:49]} Rc2+
{[%clk 00:15:03]} {[%emt 00:00:17]} 52. Ke3 {[%clk 00:02:25]} {[%emt 00:00:05]}
Ke6 {[%clk 00:15:19]} {[%emt 00:00:15]} 53. Rd4 {[%clk 00:02:11]} {[%emt
00:00:44]} axb5 {[%clk 00:15:23]} {[%emt 00:00:25]} 54. Rb4 {[%clk 00:02:35]}
{[%emt 00:00:07]} Rc3+ {[%clk 00:14:16]} {[%emt 00:01:36]} 55. Ke2 {[%clk
00:02:07]} {[%emt 00:00:58]} Rc5 {[%clk 00:14:19]} {[%emt 00:00:27]} 56. Kd3
{[%clk 00:02:18]} {[%emt 00:00:18]} Kd5 {[%clk 00:12:35]} {[%emt 00:02:15]} 57.
g4 {[%clk 00:02:20]} {[%emt 00:00:28]} Ke6 {[%clk 00:08:13]} {[%emt 00:04:52]}
58. Re4+ {[%clk 00:01:54]} {[%emt 00:00:56]} Kd6 {[%clk 00:06:20]} {[%emt
00:02:23]} 59. Rf4 {[%clk 00:01:55]} {[%emt 00:00:29]} f5 {[%clk 00:06:02]}
{[%emt 00:00:48]} 60. gxh5 {[%clk 00:01:44]} {[%emt 00:00:40]} gxh5 {[%clk
00:06:18]} {[%emt 00:00:15]} 61. Rb4 {[%clk 00:01:58]} {[%emt 00:00:17]} Rd5+
{[%clk 00:05:37]} {[%emt 00:01:11]} 62. Kc3 {[%clk 00:01:54]} {[%emt 00:00:34]}
Kc5 {[%clk 00:05:19]} {[%emt 00:00:47]} 63. Rf4 {[%clk 00:02:09]} {[%emt
00:00:15]} Re5 {[%clk 00:05:13]} {[%emt 00:00:36]} 64. Kb3 {[%clk 00:02:07]}
{[%emt 00:00:32]} Rd5 {[%clk 00:03:57]} {[%emt 00:01:46]} 65. Kc3 {[%clk
00:02:30]} {[%emt 00:00:06]} Kd6 {[%clk 00:04:03]} {[%emt 00:00:24]} 66. Rb4
{[%clk 00:02:13]} {[%emt 00:00:47]} Ke5 {[%clk 00:03:38]} {[%emt 00:00:56]} 67.
Kc2 {[%clk 00:01:55]} {[%emt 00:00:48]} Rd4 {[%clk 00:02:31]} {[%emt 00:01:38]}
68. Rxb5+ {[%clk 00:02:14]} {[%emt 00:00:10]} Kf4 {[%clk 00:02:55]} {[%emt
00:00:06]} 69. Rc5 {[%clk 00:01:34]} {[%emt 00:01:10]} Kxf3 {[%clk 00:02:43]}
{[%emt 00:00:42]} 70. Rxf5+ {[%clk 00:01:53]} {[%emt 00:00:11]} Kg4 {[%clk
00:03:08]} {[%emt 00:00:05]} 71. Rf1 {[%clk 00:01:35]} {[%emt 00:00:48]} Kxh4
{[%clk 00:03:23]} {[%emt 00:00:14]} 72. Kc3 {[%clk 00:01:43]} {[%emt 00:00:23]}
Rd5 {[%clk 00:03:26]} {[%emt 00:00:27]} 73. Rf8 {[%emt 00:01:05]} Kg4 {[%clk
00:03:10]} {[%emt 00:00:44]} 74. Rg8+ {[%clk 00:01:30]} {[%emt 00:00:09]} Kh3
{[%clk 00:02:57]} {[%emt 00:00:44]} 75. Kc4 {[%clk 00:01:44]} {[%emt 00:00:16]}
Rd2 {[%clk 00:03:10]} {[%emt 00:00:17]} 76. Kc3 {[%clk 00:01:51]} {[%emt
00:00:22]} Rg2 {[%clk 00:03:11]} {[%emt 00:00:29]} 77. Rh8 {[%clk 00:02:13]}
{[%emt 00:00:09]} h4 {[%clk 00:03:28]} {[%emt 00:00:13]} 78. Kd3 {[%clk
00:02:31]} {[%emt 00:00:12]} Rg4 {[%clk 00:03:26]} {[%emt 00:00:32]} 79. Ke3
{[%clk 00:02:40]} {[%emt 00:00:20]} Kg3 {[%clk 00:03:45]} {[%emt 00:00:12]} 80.
Ke2 {[%clk 00:01:58]} {[%emt 00:01:12]} Kg2 {[%clk 00:03:57]} {[%emt 00:00:18]}
81. Ke3 {[%clk 00:01:30]} {[%emt 00:00:58]} h3 {[%clk 00:04:14]} {[%emt
00:00:13]} 82. Ra8 {[%clk 00:01:29]} {[%emt 00:00:31]} h2 {[%clk 00:04:12]}
{[%emt 00:00:32]} 83. Ra2+ {[%clk 00:01:54]} {[%emt 00:00:05]} Kh3 {[%clk
00:04:30]} {[%emt 00:00:12]} 84. Ra1 {[%clk 00:01:06]} {[%emt 00:01:18]} Rg1
{[%clk 00:04:53]} {[%emt 00:00:06]} 85. Ra8 {[%clk 00:01:12]} {[%emt 00:00:24]}
h1=Q {[%clk 00:04:35]} {[%emt 00:00:49]} 86. Rh8 {[%clk 00:01:34]} {[%emt
00:00:08]} Kg4 {[%clk 00:04:57]} {[%emt 00:00:08]} 0-1

[Event "DEM U18w 2024"]
[Site "Willingen GER"]
[Date "2024.05.20"]
[Round "3"]
[White "Malmström, Eva"]
[Black "Hubert, Charlotte"]
[Result "1-0"]
[Termination "normal"]
[Board "5"]
[WhiteElo "1792"]
[BlackElo "1893"]
[WhiteClock "00:01:56"]
[BlackClock "00:19:03"]
[PlyCount "91"]
[WhiteFideId "34607072"]
[BlackFideId "16265920"]
[EventCountry "GER"]
[EventRounds "9"]
[EventType "swiss"]
[EventDate "2024.05.18"]

1. e4 {[%clk 01:30:59]} c5 {[%clk 01:30:54]} {[%emt 00:00:06]} 2. Nf3 {[%clk
01:31:20]} {[%emt 00:00:09]} d6 {[%clk 01:31:19]} {[%emt 00:00:05]} 3. d4
{[%clk 01:31:35]} {[%emt 00:00:15]} cxd4 {[%clk 01:31:44]} {[%emt 00:00:06]} 4.
Nxd4 {[%clk 01:31:55]} {[%emt 00:00:09]} Nf6 {[%clk 01:32:09]} {[%emt
00:00:05]} 5. Nc3 {[%clk 01:31:56]} {[%emt 00:00:29]} a6 {[%clk 01:32:36]}
{[%emt 00:00:04]} 6. Be2 {[%clk 01:30:50]} {[%emt 00:01:35]} e5 {[%clk
01:32:55]} {[%emt 00:00:12]} 7. Nf3 {[%clk 01:30:50]} {[%emt 00:00:29]} Be7
{[%clk 01:32:35]} {[%emt 00:00:49]} 8. O-O {[%clk 01:29:52]} {[%emt 00:01:28]}
O-O {[%clk 01:32:38]} {[%emt 00:00:27]} 9. h3 {[%clk 01:30:06]} {[%emt
00:00:17]} h6 {[%clk 01:30:25]} {[%emt 00:02:44]} 10. Be3 {[%clk 01:29:37]}
{[%emt 00:00:59]} Be6 {[%clk 01:30:30]} {[%emt 00:00:24]} 11. Qd2 {[%clk
01:26:39]} {[%emt 00:03:29]} Nbd7 {[%clk 01:29:48]} {[%emt 00:01:12]} 12. Rad1
{[%clk 01:23:36]} {[%emt 00:03:32]} Rc8 {[%clk 01:28:49]} {[%emt 00:01:29]} 13.
Nh2 {[%clk 01:21:10]} {[%emt 00:02:56]} b5 {[%clk 01:25:55]} {[%emt 00:03:25]}
14. Bf3 {[%clk 01:18:46]} {[%emt 00:02:53]} Nb6 {[%clk 01:20:05]} {[%emt
00:06:21]} 15. b3 {[%clk 01:04:53]} {[%emt 00:14:22]} Qc7 {[%clk 01:15:50]}
{[%emt 00:04:45]} 16. Bxb6 {[%clk 01:04:29]} {[%emt 00:00:54]} Qxb6 {[%clk
01:15:57]} {[%emt 00:00:22]} 17. Nd5 {[%clk 01:04:22]} {[%emt 00:00:38]} Nxd5
{[%clk 01:15:21]} {[%emt 00:01:06]} 18. exd5 {[%clk 01:04:42]} {[%emt
00:00:10]} Bf5 {[%clk 01:15:44]} {[%emt 00:00:08]} 19. c3 {[%clk 00:55:22]}
{[%emt 00:09:49]} Bg5 {[%clk 01:13:46]} {[%emt 00:02:28]} 20. Qb2 {[%clk
00:54:51]} {[%emt 00:01:01]} Qc5 {[%clk 01:11:35]} {[%emt 00:02:41]} 21. c4
{[%clk 00:45:48]} {[%emt 00:09:33]} bxc4 {[%clk 01:06:45]} {[%emt 00:05:21]}
22. bxc4 {[%clk 00:46:06]} {[%emt 00:00:11]} Qa5 {[%clk 00:54:52]} {[%emt
00:12:22]} 23. Be2 {[%clk 00:36:05]} {[%emt 00:10:32]} Rb8 {[%clk 00:55:06]}
{[%emt 00:00:15]} 24. Qa1 {[%clk 00:36:24]} {[%emt 00:00:12]} Bc2 {[%clk
00:54:48]} {[%emt 00:00:48]} 25. Rc1 {[%clk 00:36:05]} {[%emt 00:00:49]} Qd2
{[%clk 00:48:36]} {[%emt 00:06:43]} 26. Rfe1 {[%clk 00:29:26]} {[%emt
00:07:08]} e4 {[%clk 00:45:03]} {[%emt 00:04:04]} 27. Nf1 {[%clk 00:26:33]}
{[%emt 00:03:22]} Qxc1 {[%clk 00:34:39]} {[%emt 00:10:54]} 28. Rxc1 {[%clk
00:25:04]} {[%emt 00:01:58]} Bf6 {[%clk 00:35:04]} {[%emt 00:00:06]} 29. Qxf6
{[%clk 00:24:42]} {[%emt 00:00:51]} gxf6 {[%clk 00:35:31]} {[%emt 00:00:04]}
30. Rxc2 {[%clk 00:25:01]} {[%emt 00:00:11]} Rb1 {[%clk 00:31:26]} {[%emt
00:04:35]} 31. Kh2 {[%clk 00:23:18]} {[%emt 00:02:13]} Rfb8 {[%clk 00:31:31]}
{[%emt 00:00:25]} 32. c5 {[%clk 00:11:52]} {[%emt 00:11:55]} dxc5 {[%clk
00:31:14]} {[%emt 00:00:48]} 33. Bxa6 {[%clk 00:08:58]} {[%emt 00:03:24]} R1b2
{[%clk 00:30:35]} {[%emt 00:01:08]} 34. Rxb2 {[%clk 00:08:11]} {[%emt
00:01:18]} Rxb2 {[%clk 00:31:00]} {[%emt 00:00:05]} 35. a4 {[%clk 00:04:22]}
{[%emt 00:04:19]} Rxf2 {[%clk 00:31:18]} {[%emt 00:00:12]} 36. Kg3 {[%clk
00:03:29]} {[%emt 00:01:24]} Ra2 {[%clk 00:30:42]} {[%emt 00:01:05]} 37. Bb5
{[%clk 00:03:23]} {[%emt 00:00:36]} c4 {[%clk 00:29:21]} {[%emt 00:01:52]} 38.
Bxc4 {[%clk 00:02:42]} {[%emt 00:01:10]} Rxa4 {[%clk 00:29:47]} {[%emt
00:00:04]} 39. Be2 {[%clk 00:02:12]} {[%emt 00:01:00]} Ra2 {[%clk 00:28:35]}
{[%emt 00:01:42]} 40. Bg4 {[%clk 00:01:39]} {[%emt 00:01:02]} Kf8 {[%clk
00:26:24]} {[%emt 00:02:41]} 41. Ne3 {[%clk 00:01:48]} {[%emt 00:00:21]} Ra3
{[%clk 00:20:12]} {[%emt 00:06:43]} 42. Kf4 {[%clk 00:02:04]} {[%emt 00:00:13]}
Ra4 {[%clk 00:20:05]} {[%emt 00:00:38]} 43. Bf5 {[%clk 00:02:12]} {[%emt
00:00:21]} Ke7 {[%clk 00:19:51]} {[%emt 00:00:45]} 44. Bxe4 {[%clk 00:02:02]}
{[%emt 00:00:39]} h5 {[%clk 00:18:44]} {[%emt 00:01:37]} 45. Nf5+ {[%clk
00:01:57]} {[%emt 00:00:35]} Kd7 {[%clk 00:19:03]} {[%emt 00:00:11]} 46. Ng7
{[%clk 00:01:56]} {[%emt 00:00:31]} 1-0

[Event "DEM U18w 2024"]
[Site "Willingen GER"]
[Date "2024.05.20"]
[Round "3"]
[White "von Beckh, Frieda"]
[Black "Nguyen, Jenny Ha-Linh"]
[Result "1/2-1/2"]
[Termination "normal"]
[Board "6"]
[WhiteElo "1764"]
[BlackElo "1787"]
[WhiteClock "00:01:25"]
[BlackClock "00:00:57"]
[PlyCount "98"]
[WhiteFideId "16233751"]
[BlackFideId "16209729"]
[EventCountry "GER"]
[EventRounds "9"]
[EventType "swiss"]
[EventDate "2024.05.18"]

1. e4 {[%clk 01:30:57]} {[%emt 00:00:02]} e6 {[%clk 01:30:55]} {[%emt
00:00:05]} 2. d4 {[%clk 01:31:22]} {[%emt 00:00:06]} d5 {[%clk 01:31:21]}
{[%emt 00:00:04]} 3. Nc3 {[%clk 01:31:47]} {[%emt 00:00:05]} Nf6 {[%clk
01:31:33]} {[%emt 00:00:17]} 4. Bg5 {[%clk 01:32:08]} {[%emt 00:00:10]} Bb4
{[%clk 01:31:51]} {[%emt 00:00:12]} 5. e5 {[%clk 01:20:10]} {[%emt 00:12:28]}
h6 {[%clk 01:31:56]} {[%emt 00:00:26]} 6. Bd2 {[%clk 01:18:49]} {[%emt
00:01:50]} Bxc3 {[%clk 01:31:49]} {[%emt 00:00:36]} 7. Bxc3 {[%clk 01:10:37]}
{[%emt 00:08:43]} Ne4 {[%clk 01:31:45]} {[%emt 00:00:34]} 8. Bb4 {[%clk
01:08:53]} {[%emt 00:02:12]} c5 {[%clk 01:31:05]} {[%emt 00:01:13]} 9. Bxc5
{[%clk 01:07:55]} {[%emt 00:01:27]} Nxc5 {[%clk 01:31:18]} {[%emt 00:00:17]}
10. dxc5 {[%clk 01:08:15]} {[%emt 00:00:10]} Qa5+ {[%clk 01:28:02]} {[%emt
00:03:46]} 11. c3 {[%clk 01:07:25]} {[%emt 00:01:20]} Qxc5 {[%clk 01:27:01]}
{[%emt 00:01:31]} 12. Qd4 {[%clk 01:07:42]} {[%emt 00:00:12]} Qxd4 {[%clk
01:16:43]} {[%emt 00:10:48]} 13. cxd4 {[%clk 01:08:06]} {[%emt 00:00:07]} Nc6
{[%clk 01:17:07]} {[%emt 00:00:07]} 14. Nf3 {[%clk 01:08:28]} {[%emt 00:00:07]}
Bd7 {[%clk 01:17:04]} {[%emt 00:00:33]} 15. Kd2 {[%clk 01:05:39]} {[%emt
00:03:19]} f6 {[%clk 01:09:25]} {[%emt 00:08:09]} 16. Ke3 {[%clk 01:01:58]}
{[%emt 00:04:11]} fxe5 {[%clk 01:07:50]} {[%emt 00:02:06]} 17. Nxe5 {[%clk
01:01:24]} {[%emt 00:01:02]} Nxe5 {[%clk 01:08:05]} {[%emt 00:00:17]} 18. dxe5
{[%clk 01:01:45]} {[%emt 00:00:08]} Rc8 {[%clk 01:05:14]} {[%emt 00:03:20]} 19.
Bd3 {[%clk 01:01:24]} {[%emt 00:00:51]} Ke7 {[%clk 01:03:00]} {[%emt 00:02:45]}
20. Rac1 {[%clk 00:59:23]} {[%emt 00:02:30]} a6 {[%clk 01:01:59]} {[%emt
00:01:31]} 21. b3 {[%clk 00:55:49]} {[%emt 00:04:04]} Bb5 {[%clk 00:58:52]}
{[%emt 00:03:38]} 22. Bxb5 {[%clk 00:55:58]} {[%emt 00:00:22]} axb5 {[%clk
00:59:14]} {[%emt 00:00:07]} 23. h4 {[%clk 00:51:54]} {[%emt 00:04:33]} b4
{[%clk 00:48:47]} {[%emt 00:10:59]} 24. f4 {[%clk 00:42:00]} {[%emt 00:10:23]}
h5 {[%clk 00:36:51]} {[%emt 00:12:25]} 25. Kd4 {[%clk 00:40:32]} {[%emt
00:01:58]} Rhf8 {[%clk 00:28:15]} {[%emt 00:09:07]} 26. g3 {[%clk 00:39:47]}
{[%emt 00:01:16]} b6 {[%clk 00:28:24]} {[%emt 00:00:21]} 27. Kd3 {[%clk
00:34:46]} {[%emt 00:05:30]} Kd7 {[%clk 00:18:15]} {[%emt 00:10:40]} 28. Kd4
{[%clk 00:17:37]} {[%emt 00:17:38]} Rxc1 {[%clk 00:18:21]} {[%emt 00:00:25]}
29. Rxc1 {[%clk 00:17:58]} {[%emt 00:00:09]} Rc8 {[%clk 00:18:43]} {[%emt
00:00:08]} 30. Rg1 {[%clk 00:08:50]} {[%emt 00:09:36]} Rc3 {[%clk 00:13:41]}
{[%emt 00:05:34]} 31. Rg2 {[%clk 00:06:29]} {[%emt 00:02:50]} Ke7 {[%clk
00:13:50]} {[%emt 00:00:20]} 32. f5 {[%clk 00:05:18]} {[%emt 00:01:42]} Rf3
{[%clk 00:13:28]} {[%emt 00:00:53]} 33. fxe6 {[%clk 00:03:11]} {[%emt
00:02:36]} Kxe6 {[%clk 00:13:52]} {[%emt 00:00:06]} 34. Rc2 {[%clk 00:01:49]}
{[%emt 00:01:51]} Rc3 {[%clk 00:14:14]} {[%emt 00:00:10]} 35. Rxc3 {[%clk
00:01:19]} {[%emt 00:01:00]} bxc3 {[%clk 00:14:40]} {[%emt 00:00:04]} 36. Kxc3
{[%clk 00:01:44]} {[%emt 00:00:05]} Kxe5 {[%clk 00:15:08]} {[%emt 00:00:02]}
37. a4 {[%clk 00:02:01]} {[%emt 00:00:12]} Ke4 {[%clk 00:12:59]} {[%emt
00:02:40]} 38. b4 {[%clk 00:01:50]} {[%emt 00:00:41]} Ke3 {[%clk 00:11:46]}
{[%emt 00:01:42]} 39. a5 {[%clk 00:01:56]} {[%emt 00:00:25]} d4+ {[%clk
00:12:08]} {[%emt 00:00:08]} 40. Kc4 {[%clk 00:01:58]} {[%emt 00:00:28]} bxa5
{[%clk 00:11:10]} {[%emt 00:01:28]} 41. bxa5 {[%clk 00:02:23]} {[%emt
00:00:05]} d3 {[%clk 00:11:36]} {[%emt 00:00:04]} 42. a6 {[%clk 00:02:44]}
{[%emt 00:00:09]} d2 {[%clk 00:12:02]} {[%emt 00:00:03]} 43. a7 {[%clk
00:03:07]} {[%emt 00:00:08]} d1=Q {[%clk 00:12:27]} {[%emt 00:00:05]} 44. a8=Q
{[%clk 00:03:29]} {[%emt 00:00:08]} Qc2+ {[%clk 00:11:46]} {[%emt 00:01:10]}
45. Kb5 {[%clk 00:03:36]} {[%emt 00:00:23]} Qb2+ {[%clk 00:10:07]} {[%emt
00:02:09]} 46. Kc5 {[%clk 00:02:58]} {[%emt 00:01:04]} Qe5+ {[%clk 00:09:23]}
{[%emt 00:01:19]} 47. Kb6 {[%clk 00:02:50]} {[%emt 00:00:38]} Qxg3 {[%clk
00:08:43]} {[%emt 00:01:10]} 48. Qe8+ {[%clk 00:02:09]} {[%emt 00:01:08]} Kd4
{[%clk 00:01:48]} {[%emt 00:07:27]} 49. Qa4+ {[%clk 00:01:25]} {[%emt
00:01:13]} Ke3 {[%clk 00:00:57]} {[%emt 00:01:21]} 1/2-1/2